书目信息 |
| 题名: |
应对非法采伐与相关贸易策略研究
|
|
| 作者: | 徐斌 , 陈绍志 , 陈勇 编著 | |
| 分册: | ||
| 出版信息: | 北京 中国林业出版社 2014 |
|
| 页数: | 176页 | |
| 开本: | 26cm | |
| 丛书名: | ||
| 单 册: | ||
| 中图分类: | D912.604 , F752.652 | |
| 科图分类: | ||
| 主题词: | 木材--采伐--森林法--研究--世界 , 林产品--国际贸易--研究 , 林产品--对外贸易--研究--中国 | |
| 电子资源: | ||
| ISBN: | 978-7-5038-7685-1 | |
| 000 | 01003nam0 2200289 450 | |
| 001 | 012015000281 | |
| 005 | 20150914145806.73 | |
| 010 | @a978-7-5038-7685-1@dCNY45.00 | |
| 100 | @a20150310d2014 em y0chiy50 ea | |
| 101 | 0 | @achi |
| 102 | @aCN@b110000 | |
| 105 | @ay z 000yy | |
| 106 | @ar | |
| 200 | 1 | @a应对非法采伐与相关贸易策略研究@Aying dui fei fa cai fa yu xiang guan mao yi ce lue yan jiu@f徐斌,陈绍志,陈勇编著 |
| 210 | @a北京@c中国林业出版社@d2014 | |
| 215 | @a176页@d26cm | |
| 330 | @a本书内容包括:应对非法采伐的全球影响与行动;欧盟FLECT与VPA进程;应对非法采伐的主要法规及其影响;中国应对非法采伐的政策与行动等。 | |
| 606 | 0 | @a木材@x采伐@x森林法@x研究@y世界 |
| 606 | 0 | @a林产品@x国际贸易@x研究 |
| 606 | 0 | @a林产品@x对外贸易@x研究@y中国 |
| 690 | @aD912.604@v5 | |
| 690 | @aF752.652@v5 | |
| 701 | 0 | @a徐斌@Axu bin@4编著 |
| 701 | 0 | @a陈绍志@Achen shao zhi@4编著 |
| 701 | 0 | @a陈勇@Achen yong@4编著 |
| 801 | 0 | @aCN@b碧洲教育@c20150716 |
| 905 | @a10447@f4@dD912.604@e581 | |
| 应对非法采伐与相关贸易策略研究/徐斌,陈绍志,陈勇编著.-北京:中国林业出版社,2014 |
| 176页;26cm |
| ISBN 978-7-5038-7685-1:CNY45.00 |
| 本书内容包括:应对非法采伐的全球影响与行动;欧盟FLECT与VPA进程;应对非法采伐的主要法规及其影响;中国应对非法采伐的政策与行动等。 |
| ● |
| 相关链接 |
|
|
|
|
正题名:应对非法采伐与相关贸易策略研究
索取号:D912.604/581
 
预约/预借
| 序号 | 登录号 | 条形码 | 馆藏地/架位号 | 状态 | 备注 |
| 1 | 0849914 | 208499141 | 第一样本阅览室/ [索取号:D912.604/581] | 在馆 | |
| 2 | 0849915 | 208499150 | 第一借阅区/ [索取号:D912.604/581] | 在馆 | |
| 3 | 0849916 | 208499169 | 第一借阅区/ [索取号:D912.604/581] | 在馆 | |
| 4 | 0849917 | 208499178 | 第一借阅区/ [索取号:D912.604/581] | 在馆 |